مكتبة جامعة عجلون الوطنية

فهرس بحث المكتبة

Normal view MARC view
  • انسحاب الشريك- اثارة-القانون

Entry Topical Term

Number of records used in: 1

001 - CONTROL NUMBER

  • control field: 58937

003 - CONTROL NUMBER IDENTIFIER

  • control field: JO-AjAnu

005 - DATE AND TIME OF LATEST TRANSACTION

  • control field: 20230606083636.0

008 - FIXED-LENGTH DATA ELEMENTS

  • fixed length control field: 230606|| aca||aabn | a|a d

040 ## - CATALOGING SOURCE

  • Original cataloging agency: JO-AjAnu
  • Transcribing agency: JO-AjAnu

150 ## - HEADING--TOPICAL TERM

  • Topical term or geographic name entry element: انسحاب الشريك- اثارة-القانون

670 ## - SOURCE DATA FOUND

  • Source citation: Work cat.: (JO-AjAnu)30064: اعداد القيسي، بسام حاضر ظاهر؛ اشراف منتصر احمد القضاة, author 58936, الأثار القانونية لإنسحاب الشريك في شركات الأسخاص: دراسة مقارنة = The Legal Effects of A partners Withdrawal From Partnerships Firms: A coparative study